000 00364nam a2200145Ia 4500
008 240624s9999 xx 000 0 und d
041 _aeng
082 _a658.4012 FIN
100 _aFINCH BRIAN
245 _aHOW TO WRITE A BUSINESS PLAN
250 _a(2nd ed.)
260 _c2006
_aNew Delhi
_bKogan Page
300 _avii, : 151 : p. : cm. ; 21
365 _cRS
_b31
999 _c4647
_d4647